NBA Basics Quiz - Statistics

General Stats
  • This quiz has been taken 75 times
  • The average score is 18 of 20
Answer Stats
Hint Answer % Correct
Who is the oldest player in the league LeBron James
98%
How many teams are in the NBA currently 30
97%
Michael Jordan carried this team to 6 championships Chicago Bulls
97%
What position does the best passer typically play Point Guard
95%
What position does a tall guy play that makes him the second biggest, AKA the 4 Power Forward
95%
Passing the ball to a teammate and they score. What did you get An assist
94%
What position does the biggest guy play on the court (typically) Center
94%
What position does the best shooter typically play Shooting Guard
94%
A shot rejection Block
92%
After a shooting or blocking foul, the affected player can have a chance to make a... Free Throw
92%
What position does the most well rounded player play Small Forward
92%
Snatching the ball from an opponent or intercepting a pass is called this Steal
92%
How many points can you get from a shot behind the arc (in words) Three
92%
How long is the shot clock in seconds 24
91%
When an opposing player misses a shot and you grab the ball, what is that called Rebound
91%
What is the name of the team with the most championships Boston Celtics
89%
Making an error, either in passing, or getting the ball stolen is called a... Turnover
89%
What is the move called where you pass the ball to somebody mid air and they typically dunk it Alley-Oop
79%
What is the coloured area of the court called, underneath the basket The Paint
77%
What are the people wearing black and white called? Referees (Refs)
71%
No matching quizzes found
Score Distribution
Percent of People with Each Score
Percentile by Number Answered
Your Score History
You have not taken this quiz